Szczegóły MARC21

Od Chaucera do Larkina : 400 nieśmiertelnych wierszy 125 poetów anglojęzycznych z 8 stuleci : antologia /

003 -Nazwa inst., której nr kontr. jest w polu 001 [,]
    • @
    • Nazwa instytucji, której n kontrolny jest w polu 001
    • NUKAT
005 -DATA I CZAS OSTATNIEJ MODYFIKACJI [,]
    • @
    • pole kontrolne
    • 20241231105716.0
020 -Międzynarod. znormalizowany nr książki - ISBN [ , ]
    • a
    • Numer ISBN
    • 8370063217 Find
040 -Instytucja sporządzająca opis [ , ]
    • a
    • Instytucja, która sporządziła opis (NP)
    • WR U/mt
    • c
    • Instytucja, która sporządziła rekord (NP)
    • WR U/mt
    • d
    • Instytucja, która zmodyfikowała rekord (P)
    • WR U/dl
    • d
    • Instytucja, która zmodyfikowała rekord (P)
    • Ł U/ASs
    • d
    • Instytucja, która zmodyfikowała rekord (P)
    • WR O/djas
    • d
    • Instytucja, która zmodyfikowała rekord (P)
    • GD 27/LKs
041 -Język dokumentu [1, ]
    • a
    • Język tekstu (P)
    • polski
    • h
    • Język tekstu oryginalnego i/lub pośredniego (P)
    • angielski
942 -Rodzaj dokumentu [ , ]
    • c
    • Rodzaj dokumentu
    • Książka
245 -Strefa tytułu i oznaczenia odpowiedzialności [0,0]
    • a
    • Tytuł
    • Od Chaucera do Larkina : Find
    • b
    • Ciąg dalszy tytułu (NP)
    • 400 nieśmiertelnych wierszy 125 poetów anglojęzycznych z 8 stuleci : antologia / Find
    • c
    • Pozostałe elementy strefy tytułu i oznaczenia odpowiedzialności (NP)
    • w wyborze, przekładzie i opracowaniu Stanisława Barańczaka.
260 -Strefa adresu wydawniczego [ , ]
    • a
    • Miejsce wydania (P)
    • Kraków :
    • b
    • Nazwa wydawcy (P)
    • Wydawnictwo Znak,
    • c
    • Data wydania (P)
    • 1993.
300 -Strefa opisu fizycznego [ , ]
    • a
    • Określenie formy książki i/lub objętość (NP)
    • 577, [3] s. ;
    • c
    • Format (NP)
    • 21 cm.
336 -Typ zawartości [ , ]
    • a
    • Termin opisujący typ zawartości
    • Tekst
    • b
    • Kod określający zawartość
    • txt
    • 2
    • Źródło (terminu i kodu)
    • rdacontent
337 -Typ mediów [ , ]
    • a
    • Tryb odtwarzania
    • Bez urządzenia pośredniczącego
    • b
    • Kod typu mediów
    • n
    • 2
    • Źródło (terminu i kodu)
    • rdamedia
338 -Typ/rodzaj nośnika [ , ]
    • a
    • Hasło opisujące typ nośnika
    • Wolumin
    • b
    • Kod typu nośnika
    • nc
    • 2
    • Źródło (terminu i kodu)
    • rdacarrier
490 -Strefa serii i książki wielotomowej - forma nie do wyszukiwania [1, ]
    • a
    • Tytuł (P)
    • Poezja Find
830 -Hasło dodatkowe serii i opisu książki wielotomowej - tytuł ujednolicony/tytuł [ ,0]
    • a
    • Tytuł ujednolicony/tytuł (NP)
    • Poezja - Znak
    • 9
    • KHW
    • 37349
504 -Uwaga dot. bibliogr. załącznikowej [ , ]
    • a
    • Uwaga dot. bibliografii załącznikowej
    • Indeksy.
655 -Hasło w funkcji tematu formalnego [ ,7]
    • a
    • Hasło
    • Poezja amerykańska
    • v
    • Określnik formy
    • antologie.
    • 2
    • Źródło terminu
    • kaba
    • 9
    • KHW
    • 363382
655 -Hasło w funkcji tematu formalnego [ ,7]
    • a
    • Hasło
    • Poezja angielska
    • v
    • Określnik formy
    • antologie.
    • 2
    • Źródło terminu
    • kaba
    • 9
    • KHW
    • 363383
655 -Hasło w funkcji tematu formalnego [ ,7]
    • a
    • Hasło
    • Poezja amerykańska
    • v
    • Określnik formy
    • tłumaczenia polskie.
    • 2
    • Źródło terminu
    • kaba
    • 9
    • KHW
    • 363385
655 -Hasło w funkcji tematu formalnego [ ,7]
    • a
    • Hasło
    • Poezja angielska
    • v
    • Określnik formy
    • tłumaczenia polskie.
    • 2
    • Źródło terminu
    • kaba
    • 9
    • KHW
    • 363384
980 -Symbol UKD [ , ]
    • a
    • UKD
    • 821.111-1:821.111(073)-1]"14/20"
700 -Hasło dodatkowe - nazwa osobowa [1, ]
    • a
    • Nazwa osobowa (NP)
    • Barańczak, Stanisław Find
    • d
    • Daty biograficzne (NP)
    • (1946-2014).
    • e
    • Określenie rodzaju współpracy
    • Oprac.
    • 9
    • KHW
    • 37317
710 -Hasło dodatkowe - nazwa ciała zbiorowego [2, ]
    • a
    • Nazwa ciała zbiorowego lub nazwa geograficzna jako pierwszy element (NP)
    • Społeczny Instytut Wydawniczy Znak.
    • 4
    • Kod relacji
    • pbl
    • 9
    • KHW
    • 53029
920 -ISBN [ , ]
    • a
    • ISBN
    • 83-7006-321-7 Find
Numer inwentarzowy Status udost. Data inwentaryzacji Lokalizacja Uwagi nie widoczne w OPAC Sygnatura
W.181731-31994-06-08BG[n]retrokonwersjaW.181731
Z.8372511994-06-08BG[n]retrokonwersjaZ.83725
P.1136011994-06-08BM[n]retrokonwersjaPOL. Antologie - poezja 11
A.3423-31994-06-08BM[n]retrokonwersja